000 01004cam a2200253 i 4500
999 _c57495
_d57495
001 18227811
005 20221107115223.0
008 140711s20152015paua b 001 0 eng
020 _a9780443065378 1
041 _aeng
080 _a616-089.5+005 C-89
245 0 0 _aCrisis management in anesthesiology /
_cby David M. Gaba, MD, Kevin J. Fish, MSc, MB, ChB, FRCA, FRCPC, Steven K. Howard, MD and Amanda Burden, MD.
250 _aSecond edition.
264 1 _aPhiladelphia, PA :
_bElsevier/Saunders,
_c.2015.
300 _a409 pages :
_billustrations ;
_c23 cm.
653 _aმედიცინა
653 _aმენეჯმენტი
653 _aანესტეზიოლოგია
700 1 _aGaba, David M.,
_eრედაქტორი
_98862
700 1 _aFish, Kevin J.,
_eრედაქტორი
_98863
700 1 _aHoward, Steven K.,
_eრედაქტორი
_98864
700 1 _aBurden, Amanda R.,
_eრედაქტორი
_98865
942 _2udc
_cBK